El autor como productor /
Shranjeno v:
| Glavni avtor: | |
|---|---|
| Format: | Knjiga |
| Jezik: | španščina |
| Izdano: |
Madrid, España :
Casimiro,
2016, c2015
|
| Izdaja: | 2a edición |
| Teme: | |
| Oznake: |
Brez oznak, prvi označite!
|
MARC
| LEADER | 00000nam^a2200000^a^4500 | ||
|---|---|---|---|
| 001 | 000399915 | ||
| 005 | 20250521000000.0 | ||
| 009 | 20260310121604.083 | ||
| 020 | |a 978-84-15715-56-6 | ||
| 037 | |a Acervo ITESO - Biblioteca | ||
| 041 | |a ESP | ||
| 082 | |a 146. 33 |b BEN OBR AUT | ||
| 100 | |a Benjamin, Walter |e (autor) | ||
| 245 | 1 | 3 | |a El autor como productor / |c W. Benjamin ; tr. por Wolfgang Erger. |
| 250 | |a 2a edición | ||
| 264 | 4 | |a Madrid, España : |b Casimiro, |c 2016, c2015 | |
| 300 | |a 60 p. | ||
| 336 | |a texto |b txt |2 rdacontenido | ||
| 337 | |a sin mediación |b n |2 rdamedio | ||
| 338 | |a volumen |b nc |2 rdasoporte | ||
| 521 | |a FIL 2017 EEnlace Departamento de Estudios Socioculturales | ||
| 649 | |a XX | ||
| 650 | |a Escritores Alemanes | ||
| 650 | |a Directores de Teatro Alemanes | ||
| 650 | |a Teatro de Vanguardia - |z Alemania - |x Historia y Crítica | ||
| 650 | |a Teatro de Vanguardia - |x Teoría | ||
| 650 | |a Teatro Alemán - |x Historia y Crítica | ||
| 650 | |a Literatura Alemana - |x Historia y Crítica | ||
| 650 | |a Literatura Alemana - |y Siglo XX | ||
| 650 | |a Artes Escénicas - |z Alemania - |x Historia y Crítica | ||
| 650 | |a Creación (Literaria, Artística, etc.) | ||
| 650 | |a Estética - |x Tema Principal | ||
| 650 | |a Escuela de Frankfurt - |x Tema Principal | ||
| 650 | |a Marxismo | ||
| 650 | |a Filosofía del Siglo XX | ||
| 650 | |a Filosofía Alemana | ||
| 650 | |a Brecht, Bertolt | ||
| 650 | |a Kästner, Erich | ||
| 740 | 0 | |a Melancolía de izquierda / |c W. Benjamin ; tr. por Wolfgang Erger. | |
| 740 | 0 | |a ¿Qué es el teatro épico? / |c W. Benjamin ; tr. por Wolfgang Erger. | |
| 740 | 0 | |a Sobre la teoría del teatro épico / |c W. Benjamin ; tr. por Wolfgang Erger. | |
| 910 | |a Fondo General | ||
| 920 | |a Impresos - Libros | ||
| 930 | |a Colección General | ||
| 905 | |a 101 | ||
| 901 | |a 0500295139 |b IT1 |c ACC |i c157729 |u 20250521 | ||
| 902 | |a https://opac.biblio.iteso.mx/vufind/Record/000399915 | ||